5HLuxD.jpg

KING HENRY VIII SENIOR AND PRIMARY SCHOOL LIBRARY OPAC

Interdependence of living things / (Record no. 1447)

000 -LEADER
fixed length control field 01445cam a2200361 i 4500
001 - CONTROL NUMBER
control field 18111058
003 - CONTROL NUMBER IDENTIFIER
control field OSt
005 - DATE AND TIME OF LATEST TRANSACTION
control field 20221229153913.0
008 - FIXED-LENGTH DATA ELEMENTS--GENERAL INFORMATION
fixed length control field 140410t20152015caua j 001 0 eng c
010 ## - LIBRARY OF CONGRESS CONTROL NUMBER
LC control number 2014014105
020 ## - INTERNATIONAL STANDARD BOOK NUMBER
International Standard Book Number 9781480745995 (pbk.)
040 ## - CATALOGING SOURCE
Original cataloging agency NJQ/DLC
Language of cataloging eng
Transcribing agency NJQ
Description conventions rda
Modifying agency DLC
-- KH8
042 ## - AUTHENTICATION CODE
Authentication code pcc
082 04 - DEWEY DECIMAL CLASSIFICATION NUMBER
Classification number 577 RIC
Edition number 23
100 1# - MAIN ENTRY--PERSONAL NAME
Personal name Rice, Dona,
Relator term author.
245 10 - TITLE STATEMENT
Title Interdependence of living things /
Statement of responsibility, etc. Dona Herweck Rice.
264 #1 - PRODUCTION, PUBLICATION, DISTRIBUTION, MANUFACTURE, AND COPYRIGHT NOTICE
Place of production, publication, distribution, manufacture Huntington Beach, CA :
Name of producer, publisher, distributor, manufacturer Teacher Created Materials,
Date of production, publication, distribution, manufacture, or copyright notice [2015]
300 ## - PHYSICAL DESCRIPTION
Extent 32 pages :
Other physical details color illustrations ;
Dimensions 23 cm.
336 ## - CONTENT TYPE
Content type term text
Source rdacontent
337 ## - MEDIA TYPE
Media type term unmediated
Source rdamedia
338 ## - CARRIER TYPE
Carrier type term volume
Source rdacarrier
490 0# - SERIES STATEMENT
Series statement Life science
500 ## - GENERAL NOTE
General note Includes index.
505 0# - FORMATTED CONTENTS NOTE
Formatted contents note Interdependence -- A world of living things -- Food webs -- Ecosystems -- Independence -- Let's do science!.
520 ## - SUMMARY, ETC.
Summary, etc. "All living things need one another to survive. Each living thing gives something to Earth and has its own special needs. Working together keeps the circle of life going."--
Assigning source Provided by publisher.
521 2# - TARGET AUDIENCE NOTE
Target audience note K to grade 3.
650 #0 - SUBJECT ADDED ENTRY--TOPICAL TERM
Topical term or geographic name entry element Ecology
Form subdivision Juvenile literature.
650 #0 - SUBJECT ADDED ENTRY--TOPICAL TERM
Topical term or geographic name entry element Biotic communities
Form subdivision Juvenile literature.
650 #0 - SUBJECT ADDED ENTRY--TOPICAL TERM
Topical term or geographic name entry element Food chains (Ecology)
Form subdivision Juvenile literature.
906 ## - LOCAL DATA ELEMENT F, LDF (RLIN)
a 7
b cbc
c orignew
d 1
e ecip
f 20
g y-gencatlg
942 ## - ADDED ENTRY ELEMENTS (KOHA)
Source of classification or shelving scheme
Koha item type Books - Non Ficton
Holdings
Withdrawn status Lost status Source of classification or shelving scheme Damaged status Not for loan Collection code Permanent Location Current Location Shelving location Date acquired Cost, normal purchase price Total Checkouts Total Renewals Full call number Barcode Date last seen Date last checked out Cost, replacement price Price effective from Koha item type Public note
          Non-Fiction KH8 Primary School Library KH8 Primary School Library Non Fiction 2022-12-29 30.73 11 1 577 RIC KHPL000003226 2025-12-05 2024-03-07 40.73 2022-12-29 Books - Non Ficton KH8 PRIMARY LIBRARY

Powered By KH8 IT Dept